• 首页
  • 本馆介绍
  • 公告通知
  • 最新文献
  • 馆藏检索
  • 电子资源
  • 读者导购
  • 参考咨询
  • 我的图书馆
  • 登录
  • 详细信息显示
  • 放入我的书架
  • 预约/预借图书
  • 作者相关作品
  • 分类相关作品
  • 丛书相关作品
  • 出版社相关作品

书目信息

  • 表格格式
  • 工作单格式
  • 卡片格式
题名:
长输油气管道行业法律风险防控指引
    
 
作者: 张忠东 主编 ;中国石油天然气股份有限公司管道分公司 编
分册:  
出版信息: 北京   法律出版社  2019
页数: 11,326页
开本: 24cm
丛书名:
单 册:
中图分类: D922.674 , D922.6
科图分类:
主题词: 油气运输--长输管道--能源法--风险管理--研究--中国
电子资源:
ISBN: 978-7-5197-3545-6
000 01500nam0 2200277 450
001 2333429297
005 20231110091726.27
010    @a978-7-5197-3545-6@dCNY68.00
100    @a20190801d2019 em y0chiy50 ea
101 0  @achi
102    @aCN@b110000
105    @ay z 000yy
200 1  @a长输油气管道行业法律风险防控指引@9chang, shu you qi guan dao hang ye fa lv feng xian fang kong zhi yin@f中国石油天然气股份有限公司管道分公司编
210    @a北京@c法律出版社@d2019
215    @a11,326页@d24cm
312    @a封面英文题名:Guidelines of legal risk prevention and control for long-distance oil and gas pipeline industry
314    @a主编:张忠东
330    @a本书以油气管道企业自身经营管理的视角和逻辑,全面系统地分析了长输油气管道行业所处的法律环境,并系统梳理岀管道企业在管道建设前期规划、建设项目核准、管道建设施工、生产质量安全管理、合同管理、劳动用工等业务活动和企业管理工作中的潜在法律风险。同时,还说明了相应法律风险发生所产生的责任后果以及对企业造成的不利影响,并且指明了相关的法律依据和法律风险防控的具体建议等。
510 1  @aGuidelines of legal risk prevention and control for long-distance oil and gas pipeline industry@zeng
606 0  @a油气运输@x长输管道@x能源法@x风险管理@x研究@y中国
690    @aD922.674@v5
690    @aD922.6@v4
701  0 @a张忠东@9zhang zhong dong@4主编
712 02 @a中国石油天然气股份有限公司管道分公司@9zhong guo shi you tian ran qi gu fen you xian gong si guan dao fen gong si@4编
801  0 @aCN@b91MARC@c20190911
905    @aBZT@dD922.6@e2
    
    长输油气管道行业法律风险防控指引/中国石油天然气股份有限公司管道分公司编.-北京:法律出版社,2019
    11,326页;24cm
    
    
    ISBN 978-7-5197-3545-6:CNY68.00
    本书以油气管道企业自身经营管理的视角和逻辑,全面系统地分析了长输油气管道行业所处的法律环境,并系统梳理岀管道企业在管道建设前期规划、建设项目核准、管道建设施工、生产质量安全管理、合同管理、劳动用工等业务活动和企业管理工作中的潜在法律风险。同时,还说明了相应法律风险发生所产生的责任后果以及对企业造成的不利影响,并且指明了相关的法律依据和法律风险防控的具体建议等。
●
相关链接 在五车中查询图书 在当当中查询图书 在豆瓣中查询图书


正题名:长输油气管道行业法律风险防控指引     索取号:D922.6/2         预约/预借

序号 登录号 条形码 馆藏地/架位号 状态 备注
1 2000980544   2000980544   中教第一批/山东中教(第一批)/240/ [索取号:D922.6/2] 在馆    
2 2000980545   2000980545   中教第一批/山东中教(第一批)/240/ [索取号:D922.6/2] 在馆    
3 2000980546   2000980546   中教第一批/山东中教(第一批)/240/ [索取号:D922.6/2] 在馆    
4 2000980547   2000980547   中教第一批/山东中教(第一批)/240/ [索取号:D922.6/2] 在馆    
5 2000980548   2000980548   中教第一批/山东中教(第一批)/240/ [索取号:D922.6/2] 在馆    
6 2000980549   2000980549   中教第一批/山东中教(第一批)/240/ [索取号:D922.6/2] 在馆    
山东省滨州职业学院图书馆 欢迎您!
大连网信软件有限公司© 版权所有